000 00976nam2a2200229 4500
001 RU\NLR\BIBL_A\022793694
005 20260426081342.0
010 _a978-5-4477-2636-2
035 _a(NLR Aleph) 022793694
090 _a13699073
_c13699073
100 _a20260423d2026 u y0rusy50 ca
101 0 _arus
102 _aRU
105 _ay z 000 y
200 0 _aКн. 2
210 _d2026
215 _a20
461 0 _1001RU\NLR\BIBL_A\022773254
_12001#$aРеальные истории, 2025$vКн. 2
_913688674
_cМосква
_d2026-
_nИзд-во РСП
_oсборник произведений номинантов национальной литературной премии "Писатель года" в номинации "Реальные истории" : предназначенное для Большого жюри : [альманах]
_tРеальные истории, 2025
_vКн. 2
852 _aNLR
_j2026-3/7177
942 _cBOOK
980 _aNB